AUTOS 83 automatizace ve strojírenství

Gespeichert in:
Bibliographische Detailangaben
Format: Buch
Sprache:Tschechisch
Veröffentlicht: Plzeň Československá vědeckotechnická společnost 1983
Tags: Tag hinzufügen
Keine Tags, Fügen Sie das erste Tag hinzu!

MARC

LEADER 00000nam a2200000 4500
001 c134631
005 20200722105431.6
041 0 |a cze 
044 |a CZ 
245 1 0 |a AUTOS 83  |b automatizace ve strojírenství 
264 1 |a Plzeň  |b Československá vědeckotechnická společnost  |c 1983 
300 |a 248 s.